| 000 | 00000nam##2200000za#4500 |
| 001 | 9.688920 |
| 003 | CaOODSP |
| 005 | 20210624231645 |
| 007 | cr ||||||||||| |
| 008 | 150407|2006||||xxc|||||o f|0| 0 eng|d |
| 020 | |a0-662-44310-1 |
| 040 | |aCaOODSP|beng |
| 043 | |an-cn--- |
| 086 | 1 |aH21-276/2006E-PDF |
| 110 | 1 |aCanada. |bHealth Canada. |
| 245 | 10|aHealth Canada – Quebec Region |h[electronic resource] |
| 260 | |aMontreal - Quebec : |bHealth Canada |cc2007. |
| 300 | |a6p.|bcoloured illus. |
| 500 | |aThe catalogue number (H21-276/2006E) and ISBN (0-662-44309-8) for the print edition have been incorrectly copied in this electronic publication. |
| 590 | |a12-23-Supp|b2012-05-28 |
| 775 | 08|tSanté Canada - région du Québec |w(CaOODSP)9.633340 |
| 856 | 40|ahttp://publications.gc.ca|qPDF|s632 KB|uhttps://publications.gc.ca/collections/collection_2012/sc-hc/H21-276-2006-eng.pdf |
| 986 | |aHC Pub.: 1165 |